El roto

Đã lưu trong:
Chi tiết về thư mục
Tác giả chính: Edwards Bello, Joaquín (Tác giả)
Định dạng: Sách
Ngôn ngữ:Tiếng Tây Ban Nha
Được phát hành: Santiago Universitaria 1989
Phiên bản:8a. ed
Loạt:Los Contemporáneos
Những chủ đề:
Các nhãn: Thêm thẻ
Không có thẻ, Là người đầu tiên thẻ bản ghi này!

MARC

LEADER 00000nam a2200000 a 4500
001 UCH4120
003 CL-VaPUC
008 090818e19890000CL |||||||||||||||||spa|d
082 0 4 |a Ch863  |b EDW  |2 21 
100 0 |a Edwards Bello, Joaquín  |e author  |9 344236 
245 1 3 |a El roto 
250 |a 8a. ed 
300 |a 165 p 
942 |c BK 
945 |d 20090818 00:00:00  |a lazolas 
260 |a Santiago  |b Universitaria  |c 1989 
650 0 |a Novelas chilenas   |9 265425 
650 0 |a Literatura chilena   |9 308278 
583 |a last modification  |c 20090818 00:00:00  |k Rodrigo Vera 
490 0 |a Los Contemporáneos 
999 |c 335465  |d 335463